| 000 | 00886nam0a22002531 4500 | ||
|---|---|---|---|
| 001 | rc\1078266 | ||
| 005 | 20250622135845.0 | ||
| 035 | _a(NLR Aleph) 006326923 | ||
| 090 |
_a7504535 _c7504535 |
||
| 100 | _a20041126d1983 |||y0rusy50 ca | ||
| 101 | 0 | _arus | |
| 102 | _aRU | ||
| 105 | _aa ||||||||| | ||
| 200 | 1 |
_aМетоды почвенной микробиологии _fПер. с венг. И.Ф. Куренного _gПод ред. и с предисл. Г.С. Муромцева |
|
| 210 |
_aМ. _cКолос _d1983 |
||
| 215 |
_a296 с. _cил. _d22 |
||
| 300 | _aПеревод изд.: Talajmikrobiologial vizsgalati modszerek / Szegi Jozsef (Budapest, 1979) | ||
| 320 | _aБиблиогр.: с. 285-292 (214 назв.) | ||
| 700 | 1 |
_aСеги _bЙ. _gЙожеф |
|
| 801 | 0 |
_aRU _bNLR _gpsbo |
|
| 801 | 1 |
_aRU _bELAR _2rusmarc |
|
| 852 |
_aNLR _j84-5/534 |
||
| 942 | _cBOOK | ||
| 980 | _aNB | ||